Stati che confinano con l'Afghanistan - Statistics

Statistiche generali
  • Questo quiz è stato fatto 18 volte
  • Il punteggio medio è 6 su 6
Statistiche sulle risposte
Superficie (km²) Popolazione (ab.) Lunghezza confine (km) Stato % Corretto
1 648 195 84 820 190 921 Iran
100%
783 940 224 183 472 2 670 Pakistan
100%
491 210 5 662 544 744 Turkmenistan
100%
143 100 9 634 444 1 357 Tagikistan
92%
447 400 34 438 040 144 Uzbekistan
92%
9 596 000 1 443 615 491 76 Cina
85%
Nessun quiz corrispondente trovato
Distribuzione punteggi
Percentuale di utenti per punteggio
Percentile per numero di risposta
I tuoi punteggi nel tempo
Non hai fatto questo quiz